[Event "SUI-chT Wollishofen-Bodan"]
[Site "?"]
[Date "2009.09.06"]
[Round "7.6"]
[White "Moor, Roger"]
[Black "Fischer, Andre"]
[Result "1-0"]
[WhiteElo "2337"]
[BlackElo "2226"]
[PlyCount "89"]
[EventDate "2009.09.07"]
[EventCountry "SUI"]
[SourceDate "2001.01.01"]

1. Nf3 d5 2. c4 c6 3. g3 Nf6 4. Bg2 dxc4 5. O-O g6 6. Qc2 Qd5 7. Nc3 Qa5 8. Nd1
b5 9. b3 cxb3 10. Qxb3 Bg7 11. Bb2 Bb7 12. a4 O-O 13. axb5 Qxb5 14. Nd4 Qb6 15.
Ne3 Nfd7 16. Nc4 Qxb3 17. Nxb3 Bxb2 18. Nxb2 a6 19. d4 Ra7 20. Nd3 Bc8 21. Rfc1
Nf6 22. Na5 Bf5 23. Nb4 Rd7 24. e3 Be6 25. Naxc6 Nxc6 26. Rxc6 a5 27. Rxa5 Rb8
28. Nd3 Bd5 29. Bxd5 Nxd5 30. Ne5 Rdd8 31. Rcc5 Rb1+ 32. Kg2 Nf6 33. Rc7 Nd5
34. Rcc5 Nf6 35. Kf3 Rdb8 36. Rc7 R1b7 37. Ra7 Rxa7 38. Rxa7 Re8 39. e4 h5 40.
d5 Kg7 41. h3 Nh7 42. Ke3 Nf8 43. Nc6 e5 44. f4 exf4+ 45. gxf4 1-0

[Event "SUI-chT Bodan-Wollishofen"]
[Site "?"]
[Date "2009.09.06"]
[Round "7.7"]
[White "Egle, Stefan"]
[Black "Maeser, Fabian"]
[Result "0-1"]
[WhiteElo "2144"]
[BlackElo "2303"]
[PlyCount "96"]
[EventDate "2009.09.07"]
[EventCountry "SUI"]
[SourceDate "2001.01.01"]

1. d4 d5 2. c4 c6 3. Nf3 Nf6 4. Nc3 a6 5. e3 e6 6. c5 Nbd7 7. Bd3 g6 8. O-O Bg7
9. Bd2 O-O 10. Na4 Ne4 11. Nb6 Nxd2 12. Nxa8 Nxf3+ 13. Qxf3 e5 14. Qg3 exd4 15.
exd4 Bxd4 16. b4 Bxa1 17. Rxa1 Re8 18. Rd1 Qf6 19. h4 Ne5 20. Nb6 Bf5 21. Be2
Nd7 22. Nxd7 Bxd7 23. Bf3 Re5 24. Rd3 Qe7 25. Kh2 Kg7 26. Qf4 Bf5 27. Re3 Rxe3
28. fxe3 Be4 29. Kg3 Bxf3 30. gxf3 f6 31. Kf2 Qe5 32. Qg4 Kh6 33. Qc8 Qb2+ 34.
Kg3 Qxb4 35. Qf8+ Kh5 36. Qxf6 Qe1+ 37. Kg2 Qxe3 38. Qg7 h6 39. Qxb7 Qxc5 40.
Qxa6 Kxh4 41. Qe2 Qb4 42. f4 Qxf4 43. a4 Qxa4 44. Qe1+ Kh5 45. Qe5+ g5 46. Qe8+
Kg4 47. Qe6+ Kf4 48. Qf6+ Ke4 0-1

[Event "SUI-chT Wollishofen-Bodan"]
[Site "?"]
[Date "2009.09.06"]
[Round "7.8"]
[White "Umbach, Andreas"]
[Black "Schmid, Michael"]
[Result "1-0"]
[WhiteElo "2297"]
[BlackElo "2208"]
[PlyCount "47"]
[EventDate "2009.09.07"]
[EventCountry "SUI"]
[SourceDate "2001.01.01"]

1. e4 e6 2. d4 d5 3. Nc3 Bb4 4. e5 c5 5. a3 Bxc3+ 6. bxc3 Qe7 7. Nf3 f5 8. a4
Nd7 9. c4 b6 10. cxd5 exd5 11. Bb5 Bb7 12. O-O a6 13. e6 axb5 14. exd7+ Qxd7
15. Re1+ Kf8 16. Ne5 Qe8 17. Nd3 Qc8 18. Bf4 Nf6 19. axb5 Rxa1 20. Qxa1 Kg8 21.
Re7 Ne8 22. Qa7 c4 23. Nb4 Ba8 24. Be5 1-0

[Event "SUI-chT Joueur-Riehen"]
[Site "?"]
[Date "2009.09.06"]
[Round "7.1"]
[White "Sermier, Guillaume"]
[Black "Cvitan, Ognjen"]
[Result "1/2-1/2"]
[WhiteElo "2397"]
[BlackElo "2511"]
[PlyCount "38"]
[EventDate "2009.09.06"]
[EventRounds "7"]
[SourceDate "2001.01.01"]

1. Nf3 Nf6 2. c4 e6 3. d4 c5 4. d5 d6 5. Nc3 exd5 6. cxd5 g6 7. e4 Bg7 8. h3
O-O 9. Bd3 a6 10. a4 Nbd7 11. O-O Nh5 12. Bg5 Bf6 13. Bh6 Bg7 14. Bg5 Bf6 15.
Bh6 Re8 16. g4 Ng7 17. Kg2 Be7 18. Qd2 f6 19. Ne2 Rb8 1/2-1/2

[Event "SUI-chT Riehen-Joueur"]
[Site "?"]
[Date "2009.09.06"]
[Round "7.2"]
[White "Hickl, Joerg"]
[Black "Chernuschevich, Alexei"]
[Result "1-0"]
[WhiteElo "2613"]
[BlackElo "2526"]
[PlyCount "113"]
[EventDate "2009.09.06"]
[EventRounds "7"]
[SourceDate "2001.01.01"]

1. g3 d5 2. Bg2 Nf6 3. Nf3 c6 4. b3 Bg4 5. Bb2 Nbd7 6. d3 Bxf3 7. Bxf3 e5 8.
Nd2 Bc5 9. a3 h5 10. b4 Bb6 11. c4 Qe7 12. Qc2 Qe6 13. Qb3 h4 14. e3 a5 15. g4
axb4 16. axb4 Rxa1+ 17. Bxa1 dxc4 18. Qxc4 Nd5 19. Ke2 O-O 20. b5 Ba5 21. bxc6
bxc6 22. Rc1 Bxd2 23. Kxd2 Nb8 24. Ke2 f6 25. h3 Kh8 26. Bb2 Rd8 27. Be4 Qd6
28. Ra1 Qe7 29. Bc1 Qb7 30. Bd2 Nd7 31. Rc1 Nb8 32. Bf5 Rd6 33. Ra1 Rd8 34. g5
fxg5 35. Qg4 Qe7 36. Qh5+ Kg8 37. Rg1 Nd7 38. Rxg5 N7f6 39. Qxh4 Rb8 40. Qc4
Kf8 41. Rg1 Qd6 42. Bg6 Rb2 43. Ra1 Nd7 44. Bf5 N7b6 45. Qc1 Qb4 46. Ke1 Qb5
47. Kf1 Ne7 48. Be4 Nbd5 49. Kg2 Nf6 50. Ra5 Qb3 51. Rxe5 Rc2 52. Qd1 Nxe4 53.
Rxe4 Qxd3 54. Qf3+ Ke8 55. Qh5+ g6 56. Qxg6+ Kd8 57. Ba5+ 1-0

[Event "SUI-chT Joueur-Riehen"]
[Site "?"]
[Date "2009.09.06"]
[Round "7.3"]
[White "Gallagher, Joseph"]
[Black "Brendel, Oliver"]
[Result "1/2-1/2"]
[WhiteElo "2474"]
[BlackElo "2338"]
[PlyCount "29"]
[EventDate "2009.09.06"]
[EventRounds "7"]
[SourceDate "2001.01.01"]

1. e4 c5 2. Nf3 Nc6 3. d4 cxd4 4. Nxd4 g6 5. c4 Nf6 6. Nc3 Nxd4 7. Qxd4 d6 8.
Be2 Bg7 9. Be3 O-O 10. Qd2 Be6 11. O-O a6 12. Rac1 Qa5 13. f3 Rfe8 14. b3 b5
15. Nd5 1/2-1/2

[Event "SUI-chT Riehen-Joueur"]
[Site "?"]
[Date "2009.09.06"]
[Round "7.4"]
[White "Ekstroem, Roland"]
[Black "Netzer, Jean"]
[Result "1/2-1/2"]
[WhiteElo "2516"]
[BlackElo "2367"]
[PlyCount "69"]
[EventDate "2009.09.06"]
[EventRounds "7"]
[SourceDate "2001.01.01"]

1. e4 e5 2. Nf3 Nc6 3. Nc3 Nf6 4. Bb5 Bd6 5. O-O O-O 6. Re1 Re8 7. a3 h6 8. h3
a6 9. Bc4 Bc5 10. Nd5 d6 11. c3 Nxd5 12. Bxd5 Ne7 13. Ba2 Ng6 14. d4 Bb6 15.
dxe5 dxe5 16. Qxd8 Rxd8 17. Be3 Bxe3 18. Rxe3 Kf8 19. Ree1 Ke7 20. Rad1 Be6 21.
Bxe6 Kxe6 22. g3 Ne7 23. Kf1 Nc6 24. Ke2 Rxd1 25. Rxd1 Rd8 26. Rxd8 Nxd8 27.
Nd2 Nc6 28. Ke3 g6 29. b4 Na7 30. a4 Nc8 31. a5 Nd6 32. Nb3 b6 33. Kd3 Kd7 34.
f4 f6 35. fxe5 1/2-1/2

[Event "SUI-chT Joueur-Riehen"]
[Site "?"]
[Date "2009.09.06"]
[Round "7.5"]
[White "Lehtivaara, Petri"]
[Black "Buss, Ralph"]
[Result "0-1"]
[WhiteElo "2360"]
[BlackElo "2361"]
[PlyCount "66"]
[EventDate "2009.09.06"]
[EventRounds "7"]
[SourceDate "2001.01.01"]

1. d4 Nf6 2. c4 e6 3. Nf3 b6 4. Bf4 Bb4+ 5. Nfd2 O-O 6. a3 Be7 7. Nc3 d5 8.
cxd5 Nxd5 9. Nxd5 exd5 10. e3 c5 11. Nf3 Bf5 12. Be2 c4 13. O-O b5 14. h3 Nc6
15. g4 Bg6 16. Bg3 Bd6 17. Bxd6 Qxd6 18. Nh4 Be4 19. f3 Bg6 20. Ng2 Rae8 21. h4
h6 22. Qd2 Re7 23. Kf2 f5 24. g5 hxg5 25. hxg5 f4 26. Nxf4 Rxe3 27. Qxe3 Rxf4
28. Rad1 Rf5 29. Ke1 Rf7 30. Rd2 Re7 31. Qf2 b4 32. axb4 Nxb4 33. Kd1 Qa6 0-1

[Event "SUI-chT Riehen-Joueur"]
[Site "?"]
[Date "2009.09.06"]
[Round "7.6"]
[White "Aumann, Welf"]
[Black "Lamoureux, Charles"]
[Result "1-0"]
[WhiteElo "2328"]
[BlackElo "2366"]
[PlyCount "131"]
[EventDate "2009.09.06"]
[EventRounds "7"]
[SourceDate "2001.01.01"]

1. c4 e5 2. g3 Nf6 3. Bg2 d5 4. cxd5 Nxd5 5. Nf3 Nc6 6. O-O Be7 7. d4 exd4 8.
Nxd4 Nxd4 9. Qxd4 Nf6 10. Qxd8+ Bxd8 11. b4 O-O 12. Nc3 Re8 13. a4 a6 14. Bb2
Nd7 15. Ne4 Be7 16. Bc3 Nb6 17. Rfd1 a5 18. bxa5 Nc4 19. Rd5 c6 20. Rdd1 Bf5
21. e3 Nxa5 22. Nd6 Bxd6 23. Rxd6 Nb3 24. Ra3 Rad8 25. Rxd8 Rxd8 26. h3 Rd1+
27. Kh2 Be6 28. g4 Rc1 29. Be5 f6 30. Bc7 Kf7 31. a5 Nc5 32. Bd6 Na6 33. f4 Rd1
34. f5 Rxd6 35. fxe6+ Kxe6 36. Rb3 Nc5 37. Rc3 Na6 38. Rb3 Rd7 39. Rb6 Rc7 40.
Bf1 Nc5 41. Kg3 Ke5 42. Kf3 g6 43. Rb4 f5 44. gxf5 gxf5 45. Rh4 Ne4 46. Bd3 Nd6
47. Bc2 c5 48. Rh5 Rf7 49. e4 Nb5 50. Ke3 Na3 51. Bb3 c4 52. Ba2 Rf6 53. Rxf5+
Rxf5 54. exf5 h5 55. f6 Kxf6 56. Kd4 c3 57. Kxc3 Ke5 58. Kb4 Nc2+ 59. Kc5 h4
60. Bb3 Ne3 61. Kb6 Nf5 62. Kxb7 Nd6+ 63. Kc6 Nc8 64. Bc4 Kd4 65. Be6 Na7+ 66.
Kb6 1-0

[Event "SUI-chT Joueur-Riehen"]
[Site "?"]
[Date "2009.09.06"]
[Round "7.7"]
[White "Burnier, David"]
[Black "Kaenel, Hansjuerg"]
[Result "1-0"]
[WhiteElo "2326"]
[BlackElo "2328"]
[PlyCount "81"]
[EventDate "2009.09.06"]
[EventRounds "7"]
[SourceDate "2001.01.01"]

1. d4 Nf6 2. c4 c5 3. d5 b5 4. Nf3 e6 5. dxe6 fxe6 6. cxb5 d5 7. g3 Be7 8. Bg2
a6 9. bxa6 Rxa6 10. O-O O-O 11. Nbd2 Nc6 12. Re1 Ne8 13. e4 Nb4 14. Nf1 dxe4
15. Qxd8 Bxd8 16. Rxe4 Nd6 17. Re2 Rxa2 18. Rxa2 Nxa2 19. Be3 Bb6 20. Rc2 Nb7
21. Rc4 Bd8 22. Ne5 Bf6 23. Nc6 Re8 24. Na7 Nd6 25. Ra4 Nb4 26. Bxc5 Nd3 27.
Bxd6 Nxb2 28. Rb4 Ba6 29. Ne3 Rd8 30. Rb8 Rxb8 31. Bxb8 Kf7 32. Nc6 Nd3 33. Bd6
Bb5 34. Nc2 g6 35. N2d4 Ba4 36. Bf1 Ne1 37. Be2 Nc2 38. Nxc2 Bxc2 39. Bc4 Bf5
40. f3 h5 41. Kg2 1-0

[Event "SUI-chT Riehen-Joueur"]
[Site "?"]
[Date "2009.09.06"]
[Round "7.8"]
[White "Werner, Clemens"]
[Black "Meyer, Harvey"]
[Result "1/2-1/2"]
[WhiteElo "2321"]
[BlackElo "2222"]
[PlyCount "76"]
[EventDate "2009.09.06"]
[EventRounds "7"]
[SourceDate "2001.01.01"]

1. e4 c6 2. d4 d5 3. Nd2 dxe4 4. Nxe4 Nd7 5. Nf3 Ngf6 6. Nc3 e6 7. Bd3 b5 8.
O-O Bb7 9. Bf4 Be7 10. Qe2 O-O 11. Ne5 b4 12. Ne4 c5 13. Nxd7 Qxd7 14. Nxc5
Bxc5 15. dxc5 Qd5 16. f3 Qxc5+ 17. Qf2 Qxf2+ 18. Kxf2 Nd5 19. Bd2 Rfd8 20. Rfd1
a5 21. a3 Bc6 22. Ke1 h6 23. Be4 Rac8 24. axb4 Nxb4 25. Bxb4 Rxd1+ 26. Kxd1
Bxe4 27. fxe4 axb4 28. Kd2 Rd8+ 29. Ke3 e5 30. Ra5 f6 31. Rb5 Rd4 32. Rd5 Rc4
33. Kd3 Rc7 34. c4 bxc3 35. bxc3 Ra7 36. c4 Ra1 37. c5 Rc1 38. h4 h5 1/2-1/2

[Event "SUI-chT Zuerich-Mendrisio"]
[Site "?"]
[Date "2009.09.06"]
[Round "7.1"]
[White "Pelletier, Yannick"]
[Black "Istratescu, Andrej"]
[Result "1/2-1/2"]
[WhiteElo "2558"]
[BlackElo "2617"]
[PlyCount "32"]
[EventDate "2009.??.??"]
[SourceDate "2001.01.01"]

1. d4 e6 2. Nf3 Nf6 3. c4 d5 4. g3 dxc4 5. Bg2 a6 6. O-O Nc6 7. Bg5 Be7 8. e3
Bd7 9. Qe2 b5 10. Rd1 O-O 11. Bxf6 Bxf6 12. Nc3 Rb8 13. Ne4 Be7 14. b3 cxb3 15.
axb3 Qc8 16. Rdc1 Rb6 1/2-1/2

[Event "SUI-chT Mendrisio-Zuerich"]
[Site "?"]
[Date "2009.09.06"]
[Round "7.2"]
[White "Glek, Igor"]
[Black "Bauer, Christian"]
[Result "0-1"]
[WhiteElo "2534"]
[BlackElo "2625"]
[PlyCount "60"]
[EventDate "2009.??.??"]
[SourceDate "2001.01.01"]

1. e4 d5 2. exd5 Qxd5 3. Nc3 Qa5 4. Nf3 Nf6 5. d4 Bf5 6. Bd2 c6 7. Ne4 Qb6 8.
Nxf6+ gxf6 9. Bc4 e6 10. O-O Rg8 11. Re1 Nd7 12. b4 O-O-O 13. a4 Bg4 14. a5 Qc7
15. b5 Bd6 16. Kh1 Bf4 17. Be3 cxb5 18. Bxb5 Rg5 19. Bf1 Bxe3 20. Rxe3 Rxa5 21.
Qe1 Rxa1 22. Qxa1 Kb8 23. Rc3 Qd6 24. Nd2 Nb6 25. Nb3 e5 26. Qa5 exd4 27. Nxd4
Qxd4 28. Rd3 Qxf2 29. Rxd8+ Kc7 30. Qc5+ Qxc5 0-1

[Event "SUI-chT Zuerich-Mendrisio"]
[Site "?"]
[Date "2009.09.06"]
[Round "7.3"]
[White "Jenni, Florian"]
[Black "Bellini, Fabio"]
[Result "1/2-1/2"]
[WhiteElo "2492"]
[BlackElo "2480"]
[PlyCount "62"]
[EventDate "2009.??.??"]
[SourceDate "2001.01.01"]

1. e4 e5 2. Nf3 Nc6 3. Bb5 Nf6 4. d3 d6 5. Nbd2 a6 6. Ba4 b5 7. Bb3 Na5 8. O-O
Be7 9. a4 Nxb3 10. Nxb3 Bd7 11. axb5 axb5 12. Bg5 O-O 13. Qe2 h6 14. Bh4 c5 15.
Rxa8 Qxa8 16. Ra1 Qb7 17. Nbd2 Be6 18. Nf1 Ra8 19. Qe1 Ra6 20. Ne3 Qa7 21. Rxa6
Qxa6 22. Bxf6 Bxf6 23. b3 Qa2 24. h3 Bd8 25. Qd1 Ba5 26. Nh4 g6 27. Ng4 Bd8 28.
Nf3 h5 29. Ne3 Qb2 30. h4 Qc3 31. Ng5 Bxg5 1/2-1/2

[Event "SUI-chT Zuerich-Mendrisio"]
[Site "?"]
[Date "2009.09.06"]
[Round "7.5"]
[White "Brunner, Lucas"]
[Black "Mantovani, Renzo"]
[Result "1/2-1/2"]
[WhiteElo "2475"]
[BlackElo "2386"]
[PlyCount "96"]
[EventDate "2009.??.??"]
[SourceDate "2001.01.01"]

1. c4 e5 2. g3 Nf6 3. Bg2 c6 4. d4 e4 5. Nc3 d5 6. cxd5 cxd5 7. Bg5 Be7 8. Bxf6
Bxf6 9. e3 Be6 10. Nge2 Nc6 11. Nf4 O-O 12. f3 exf3 13. Qxf3 Bg5 14. O-O Bxf4
15. Qxf4 Rc8 16. Rf2 Na5 17. Qf3 Nc4 18. Nxd5 Bxd5 19. Qxd5 Nxe3 20. Qxd8 Rcxd8
21. Bxb7 Rxd4 22. Re1 Ng4 23. Rf4 Rd7 24. Bf3 Nf6 25. Re2 Rfd8 26. Kf2 Kf8 27.
Rc4 g6 28. b4 Rd4 29. Rxd4 Rxd4 30. Rb2 Nd5 31. Bxd5 Rxd5 32. Rc2 Rd3 33. a4
Rd4 34. Rc7 Rxb4 35. Rxa7 Rb2+ 36. Kg1 g5 37. a5 g4 38. a6 Ra2 39. Kh1 h5 40.
Kg1 Kg7 41. Ra8 Ra1+ 42. Kg2 Ra2+ 43. Kg1 Kh7 44. a7 Kg7 45. Kh1 Ra1+ 46. Kg2
Ra2+ 47. Kg1 f5 48. Kf1 Kh7 1/2-1/2

[Event "SUI-chT Mendrisio-Zuerich"]
[Site "?"]
[Date "2009.09.06"]
[Round "7.6"]
[White "Aranovitch, Emiliano"]
[Black "Vogt, Lothar"]
[Result "0-1"]
[WhiteElo "2334"]
[BlackElo "2458"]
[PlyCount "70"]
[EventDate "2009.??.??"]
[SourceDate "2001.01.01"]

1. e4 c5 2. Nf3 e6 3. c3 d5 4. exd5 Qxd5 5. d4 Nf6 6. Be3 cxd4 7. cxd4 Nc6 8.
Nc3 Qd6 9. a3 g6 10. Bc4 Bg7 11. Nb5 Qd8 12. Bf4 O-O 13. Bd6 Re8 14. Bc7 Qd7
15. Ne5 Nxe5 16. Bxe5 Qc6 17. Be2 Nd5 18. Rc1 Qd7 19. O-O Rd8 20. Qb3 Qe7 21.
Bf3 Bd7 22. Nc7 Bxe5 23. dxe5 Nxc7 24. Rxc7 Qg5 25. Rxb7 Rac8 26. Rxa7 Qxe5 27.
Rb7 Be8 28. Qe3 Qf6 29. Rc1 Bc6 30. Bxc6 Rxc6 31. h3 Rd3 32. Qxd3 Rxc1+ 33. Kh2
Qxf2 34. Qf3 Qg1+ 35. Kg3 Qe1+ 0-1

[Event "SUI-chT Zuerich-Mendrisio"]
[Site "?"]
[Date "2009.09.06"]
[Round "7.7"]
[White "Hug, Werner"]
[Black "Patuzzo, Fabrizio"]
[Result "1-0"]
[WhiteElo "2455"]
[BlackElo "2260"]
[PlyCount "133"]
[EventDate "2009.??.??"]
[SourceDate "2001.01.01"]

1. d4 d5 2. Nf3 c6 3. c4 Nf6 4. Nc3 a6 5. Bg5 Ne4 6. h4 h6 7. Bf4 Nxc3 8. bxc3
dxc4 9. e4 b5 10. Ne5 e6 11. Qf3 Qf6 12. Qe3 c5 13. Rb1 cxd4 14. cxd4 Nd7 15.
g3 Qd8 16. Qc3 Nxe5 17. Bxe5 Bb7 18. Bg2 f6 19. Bf4 Bd6 20. Be3 O-O 21. a4 Qd7
22. O-O f5 23. d5 exd5 24. exd5 Rac8 25. Rfd1 Rfe8 26. Bd4 Bf8 27. axb5 axb5
28. Kh2 Ba6 29. Qa5 Qd6 30. Bb6 c3 31. Rbc1 Qa3 32. d6 Bxd6 33. Rxd6 Qxd6 34.
Qxa6 Qd2 35. Be3 Qd3 36. Bf1 Qe4 37. Qxb5 Red8 38. Qb3+ Qd5 39. Rxc3 Qxb3 40.
Rxb3 Re8 41. Bh3 Rf8 42. Rb5 Rb8 43. Rxb8 Rxb8 44. Bxf5 Re8 45. h5 Re5 46. Bg6
Ra5 47. g4 Rb5 48. Kg3 Ra5 49. Kf4 Ra4+ 50. Kf5 Ra5+ 51. Ke4 Ra4+ 52. Bd4 Rb4
53. f4 Rc4 54. Kd5 Rb4 55. Be5 Rb6 56. Bd6 Ra6 57. Ke6 Ra4 58. Bf7+ Kh7 59. Ke7
Ra7+ 60. Kf8 Ra8+ 61. Be8 Ra7 62. Be5 Rb7 63. f5 Ra7 64. f6 gxf6 65. Bg6+ Kh8
66. Bxf6+ Rg7 67. Bxg7# 1-0

[Event "SUI-chT Mendrisio-Zuerich"]
[Site "?"]
[Date "2009.09.06"]
[Round "7.8"]
[White "Vezzosi, Paolo"]
[Black "Gruenenwald, Joerg"]
[Result "1-0"]
[WhiteElo "2312"]
[BlackElo "2331"]
[PlyCount "111"]
[EventDate "2009.??.??"]
[SourceDate "2001.01.01"]

1. c4 c6 2. Nf3 d5 3. e3 Nf6 4. d4 a6 5. Bd3 g6 6. O-O Bg7 7. Nbd2 O-O 8. b3 c5
9. Bb2 cxd4 10. exd4 Nc6 11. Re1 Bf5 12. Bxf5 gxf5 13. Ne5 Rc8 14. Rc1 e6 15.
cxd5 Nxd5 16. Nxc6 Rxc6 17. Rxc6 bxc6 18. Nc4 Qg5 19. Qc1 Qxc1 20. Rxc1 Nb4 21.
Ne5 Rc8 22. Rc4 Bxe5 23. Rxb4 Bf6 24. g3 Kf8 25. Ra4 Ra8 26. Kf1 Ke8 27. Ba3
Kd7 28. Ke2 Bd8 29. Bc5 Bc7 30. Kd3 Bd8 31. Kc4 Bc7 32. b4 Kc8 33. Be7 Kb7 34.
Ra3 Rg8 35. Bf6 Kb6 36. Rd3 Rg4 37. f4 Bd6 38. Bg5 f6 39. Bxf6 Rg6 40. Be5 Be7
41. Rb3 h5 42. a4 Rg8 43. Re3 Kb7 44. Rb3 Kb6 45. Kd3 Rg6 46. Rb2 Rg8 47. Kc4
Rc8 48. Re2 Rg8 49. Kb3 Kb7 50. Rc2 Rc8 51. Rc3 Kb6 52. Re3 Rg8 53. d5 c5 54.
Bc3 cxb4 55. Rxe6+ Ka5 56. Bd2 1-0

[Event "SUI-chT Geneve-Luzern"]
[Site "?"]
[Date "2009.09.06"]
[Round "7.1"]
[White "Fargere, Francois"]
[Black "Atlas, Valery"]
[Result "1/2-1/2"]
[WhiteElo "2444"]
[BlackElo "2429"]
[PlyCount "35"]
[EventDate "2009.09.10"]
[SourceDate "2001.01.01"]

1. e4 c5 2. Nf3 e6 3. c3 Nf6 4. e5 Nd5 5. d4 cxd4 6. cxd4 d6 7. Bc4 Nc6 8. O-O
Be7 9. Qe2 O-O 10. Rd1 Na5 11. Bd3 Nb4 12. exd6 Qxd6 13. Be4 f5 14. Bd3 Nxd3
15. Qxd3 Nc6 16. Nc3 Nb4 17. Qc4 h6 18. Ne5 1/2-1/2

[Event "SUI-chT Luzern-Geneve"]
[Site "?"]
[Date "2009.09.06"]
[Round "7.2"]
[White "Zueger, Beat"]
[Black "Miralles, Gilles"]
[Result "0-1"]
[WhiteElo "2415"]
[BlackElo "2465"]
[PlyCount "58"]
[EventDate "2009.09.10"]
[SourceDate "2001.01.01"]

1. c4 e5 2. Nc3 Nf6 3. Nf3 Nc6 4. g3 d5 5. cxd5 Nxd5 6. Bg2 Nxc3 7. bxc3 e4 8.
Ng1 Bf5 9. Qa4 Qe7 10. Rb1 O-O-O 11. Qb5 Qe6 12. Qxb7+ Kd7 13. Qb3 Be7 14. d4
exd3 15. Bd5 Qd6 16. Bf4 d2+ 17. Kxd2 Qxd5+ 18. Qxd5+ Kc8 19. Qd3 g5 20. Be3
Ne5 21. Bd4 Nxd3 22. exd3 Rhe8 23. Nf3 c5 24. Ne5 cxd4 25. cxd4 Ba3 26. Rb3
Rxd4 27. Nc6 Ra4 28. Rhb1 Bd6 29. R1b2 Kd7 0-1

[Event "SUI-chT Geneve-Luzern"]
[Site "?"]
[Date "2009.09.06"]
[Round "7.3"]
[White "Landenbergue, Claude"]
[Black "Papa, Severin"]
[Result "1-0"]
[WhiteElo "2394"]
[BlackElo "2449"]
[PlyCount "81"]
[EventDate "2009.09.10"]
[SourceDate "2001.01.01"]

1. e4 c5 2. Nf3 Nc6 3. Nc3 e5 4. Bc4 Be7 5. d3 Nf6 6. Ng5 O-O 7. f4 exf4 8.
Bxf4 d6 9. O-O h6 10. Nf3 Be6 11. Nd5 Re8 12. Kh1 a6 13. Nxe7+ Qxe7 14. Bxe6
Qxe6 15. c4 Nd7 16. Qd2 b5 17. b3 f6 18. Rae1 Nde5 19. Nh4 Ra7 20. Nf5 Ne7 21.
Ne3 bxc4 22. dxc4 a5 23. Nd5 Nxd5 24. exd5 Qg4 25. Re3 Qf5 26. Kg1 Qh7 27. h3
Kh8 28. Qe1 Rb8 29. Qg3 Re7 30. Bxe5 fxe5 31. Qh4 Reb7 32. Qh5 Qc2 33. Ref3 Kh7
34. Rg3 a4 35. Rf5 Qxa2 36. Qg6+ Kh8 37. bxa4 Qxc4 38. Qxd6 Qd4+ 39. Kh2 Rg8
40. Rf8 e4 41. Qd8 1-0

[Event "SUI-chT Luzern-Geneve"]
[Site "?"]
[Date "2009.09.06"]
[Round "7.4"]
[White "Kurmann, Oliver"]
[Black "Kovacevic, Vladimir"]
[Result "1-0"]
[WhiteElo "2441"]
[BlackElo "2218"]
[PlyCount "116"]
[EventDate "2009.09.10"]
[SourceDate "2001.01.01"]

1. e4 e6 2. d4 d5 3. Nd2 c5 4. exd5 Qxd5 5. Ngf3 cxd4 6. Bc4 Qd6 7. O-O Nf6 8.
Nb3 Nc6 9. Nbxd4 Nxd4 10. Nxd4 Qc7 11. Qe2 a6 12. Bg5 Bd6 13. Nf5 Bxh2+ 14. Kh1
Kf8 15. Nxg7 Kxg7 16. g3 b5 17. Kxh2 Bb7 18. Bd3 Rae8 19. Rad1 h6 20. Bxf6+
Kxf6 21. Be4 Bxe4 22. Qxe4 Qe5 23. Qxe5+ Kxe5 24. Rd7 Kf6 25. Rfd1 Re7 26. c3
Rc8 27. Kg2 h5 28. R7d6 a5 29. R1d5 b4 30. Rxh5 bxc3 31. bxc3 Ra7 32. Rd3 Rc4
33. Rh4 Rac7 34. Rxc4 Rxc4 35. Kf1 Ra4 36. Rd2 Rc4 37. Rc2 Ke5 38. Ke2 Kd5 39.
Kd3 Ra4 40. f3 e5 41. c4+ Kc5 42. Ke4 Ra3 43. g4 f6 44. Rf2 Kd6 45. Kf5 Rc3 46.
Kxf6 Rxc4 47. g5 Rf4+ 48. Kg7 Kd5 49. g6 Kd4 50. Kh6 Ke3 51. Rf1 Ke2 52. Rg1
Kf2 53. Rg5 Rh4+ 54. Rh5 Rxh5+ 55. Kxh5 Kxf3 56. g7 e4 57. g8=Q e3 58. Qd5+ Kf2
1-0

[Event "SUI-chT Geneve-Luzern"]
[Site "?"]
[Date "2009.09.06"]
[Round "7.5"]
[White "Gerber, Richard"]
[Black "Loetscher, Roland"]
[Result "1-0"]
[WhiteElo "2357"]
[BlackElo "2356"]
[PlyCount "75"]
[EventDate "2009.09.10"]
[SourceDate "2001.01.01"]

1. d4 c5 2. d5 Nf6 3. Nc3 g6 4. e4 d6 5. Nf3 Bg7 6. Bf4 O-O 7. Qd2 a6 8. a4 Bg4
9. Be2 Bxf3 10. Bxf3 Nbd7 11. O-O Ne8 12. Be2 Nc7 13. Bh6 Rb8 14. a5 Bxh6 15.
Qxh6 e5 16. dxe6 fxe6 17. Rad1 Ne5 18. Qd2 Nf7 19. Na4 Qe7 20. Qe3 Nb5 21. c3
Ne5 22. f4 Nc6 23. e5 dxe5 24. Nxc5 Rxf4 25. Rd7 Qf6 26. Rfd1 Nxa5 27. g3 Qg5
28. Qd2 Re8 29. Kh1 Rf5 30. Qxg5 Rxg5 31. g4 e4 32. Nxe4 Rd5 33. Nf6+ Kf8 34.
Nxh7+ Kg8 35. Nf6+ Kf8 36. Nxd5 exd5 37. Rf1+ Kg8 38. Bf3 1-0

[Event "SUI-chT Luzern-Geneve"]
[Site "?"]
[Date "2009.09.06"]
[Round "7.6"]
[White "Almada, Enrique"]
[Black "Duport, Nicolas"]
[Result "1-0"]
[WhiteElo "2326"]
[BlackElo "2145"]
[PlyCount "99"]
[EventDate "2009.09.10"]
[SourceDate "2001.01.01"]

1. d4 Nf6 2. c4 g6 3. Nf3 Bg7 4. g3 O-O 5. Bg2 d5 6. cxd5 Nxd5 7. O-O Nb6 8.
Nc3 Nc6 9. d5 Na5 10. e4 c6 11. Bf4 cxd5 12. exd5 e6 13. dxe6 Bxe6 14. Ng5 Bf5
15. Nge4 Nac4 16. b3 Ne5 17. Bg5 f6 18. Be3 Bg4 19. Qxd8 Raxd8 20. Nc5 Rfe8 21.
Nxb7 Rd3 22. Rac1 Bf8 23. Ne4 Nd5 24. Nbc5 Bxc5 25. Rxc5 Nf3+ 26. Bxf3 Bxf3 27.
Rxd5 Bxe4 28. Rxd3 Bxd3 29. Rd1 Bf5 30. Rd6 a5 31. Rxf6 Re6 32. Rxe6 Bxe6 33.
Kg2 Bd5+ 34. Kh3 Kf7 35. g4 Ke6 36. Kh4 Kf6 37. Bd4+ Kf7 38. Kg5 a4 39. bxa4
Bxa2 40. a5 Bc4 41. Bb2 Be2 42. Kf4 Ke6 43. h4 Ba6 44. Kg5 Kf7 45. Kh6 Kg8 46.
h5 Be2 47. hxg6 hxg6 48. Kxg6 Bxg4 49. Ba3 Bf3 50. a6 1-0

[Event "SUI-chT Geneve-Luzern"]
[Site "?"]
[Date "2009.09.06"]
[Round "7.7"]
[White "Fabre, Mathias"]
[Black "Raeber, Markus"]
[Result "1/2-1/2"]
[WhiteElo "2111"]
[BlackElo "2290"]
[PlyCount "44"]
[EventDate "2009.09.10"]
[SourceDate "2001.01.01"]

1. d4 Nf6 2. c4 g6 3. Nc3 Bg7 4. e4 d6 5. f3 O-O 6. Be3 c6 7. Bd3 e5 8. d5 b5
9. cxb5 cxd5 10. exd5 e4 11. Bxe4 Re8 12. Nge2 Nxe4 13. fxe4 Qh4+ 14. Bf2 Qg5
15. O-O Nd7 16. Nd4 Ne5 17. Nf3 Qh6 18. Nxe5 Bxe5 19. Bg3 Qe3+ 20. Bf2 Qh6 21.
Bg3 Qe3+ 22. Bf2 Qh6 1/2-1/2

[Event "SUI-chT Luzern-Geneve"]
[Site "?"]
[Date "2009.09.06"]
[Round "7.8"]
[White "Rusev, Aleksandar"]
[Black "Miotto, Alessandro"]
[Result "1-0"]
[WhiteElo "2237"]
[BlackElo "2026"]
[PlyCount "62"]
[EventDate "2009.09.10"]
[SourceDate "2001.01.01"]

1. d4 Nf6 2. c4 g6 3. Nc3 Bg7 4. e4 d6 5. Nf3 O-O 6. Be2 e5 7. d5 Nbd7 8. Bg5
h6 9. Bh4 a5 10. Nd2 Nc5 11. O-O Bd7 12. Kh1 Qb8 13. b3 g5 14. Bg3 c6 15. f3
cxd5 16. cxd5 b5 17. a4 b4 18. Nb5 g4 19. Bh4 gxf3 20. Bxf3 Nh7 21. Nc4 Bxb5
22. axb5 Ng5 23. Bxg5 hxg5 24. Qc2 f5 25. h3 fxe4 26. Bxe4 Rf4 27. Bh7+ Kh8 28.
g3 Rxf1+ 29. Rxf1 Qxb5 30. Bf5 Rf8 31. Qd1 Qe8 1-0

[Event "SUI-chT Reichenstein-Winterthur"]
[Site "?"]
[Date "2009.09.13"]
[Round "7.1"]
[White "Riff, Jean-Noel"]
[Black "Forster, Richard"]
[Result "1-0"]
[WhiteElo "2469"]
[BlackElo "2446"]
[PlyCount "119"]
[EventDate "2009.09.13"]
[SourceDate "2001.01.01"]

1. e4 c5 2. Nf3 d6 3. d4 cxd4 4. Nxd4 Nf6 5. Nc3 a6 6. Be2 g6 7. Be3 Bg7 8. Qd2
Nbd7 9. g4 b5 10. f3 Nb6 11. g5 b4 12. Nd1 Nfd7 13. Nc6 Qc7 14. Nxb4 e6 15. Bd4
Bxd4 16. Qxd4 O-O 17. Ne3 a5 18. Ng4 e5 19. Nd5 Qxc2 20. Ndf6+ Kg7 21. Qxd6
Qxb2 22. Rd1 Qb4+ 23. Kf2 h5 24. Nxh5+ Kh8 25. Nhf6 Qxd6 26. Rxd6 Nxf6 27. Nxf6
Na4 28. h4 Be6 29. h5 gxh5 30. Nxh5 Kg8 31. f4 exf4 32. Nxf4 Nc5 33. Ke3 Rfd8
34. Rc6 Rac8 35. Rxc8 Bxc8 36. Rc1 Ne6 37. Bg4 Re8 38. Nxe6 Bxe6 39. Bxe6 Rxe6
40. Rc5 Ra6 41. a4 Kg7 42. Rf5 Kg6 43. Kf4 Kg7 44. Kg4 Re6 45. Kf3 Ra6 46. Kf4
Ra8 47. Rc5 Ra6 48. Kf5 Kf8 49. Rc7 Kg8 50. e5 Kg7 51. Rd7 Kg8 52. Rd6 Ra8 53.
Kf6 Kf8 54. g6 fxg6 55. e6 g5 56. Rd7 g4 57. Rh7 Kg8 58. Rg7+ Kh8 59. e7 Re8
60. Rxg4 1-0